000 00418pab a2200157 454500
008 180718b2008 xxu||||| |||| 00| 0 eng d
100 _aHegde, Ganesh
245 _aAccreditation of open and distance learning in Indian context: some methodological issues
260 _c2008
300 _ap.15-20.
362 _a8 Sep
650 _aDistance education
773 _aUniversity News
908 _aN
909 _a79521
999 _c79521
_d79521